| 000 | 00756nam a22002415i 4500 | ||
|---|---|---|---|
| 001 | 20859488 | ||
| 003 | BD-DhSAU | ||
| 005 | 20231031103342.0 | ||
| 008 | 230621s2015 mou 000 0 eng | ||
| 020 | _a9780323088398 (hardcover) | ||
| 040 | _aBD-DhSAU | ||
| 082 |
_222 _a636.089 Sm 526 |
||
| 100 | 1 | _aSmith, Bradford P. | |
| 245 | 1 | 0 |
_aLarge animal internal medicine / _cBradford P. Smith, David C. Van Metre, Nicola Pusterla ; [edited by] Bradford P. Smith, David C. Van Metre, NIcola Pusterla. |
| 250 | _a5th edition. | ||
| 263 | _a1906 | ||
| 264 | 1 |
_aSt Louis, MO : _bElsevier Inc., _c2019. |
|
| 300 |
_axliv, 1661 p. : _c30 cm. |
||
| 500 | _aIncludes index. | ||
| 590 | _aroy | ||
| 650 | _aAnimal internal medicine | ||
| 942 |
_2ddc _cBOOK |
||
| 999 |
_c17244 _d17243 |
||